Lectures on linear partial differential equations with constant coefficients /
Guardado en:
| Autor Principal: | |
|---|---|
| Formato: | Libro |
| Idioma: | English |
| Publicado: |
Rio de Janeiro :
Instituto de Matemática Pura e Aplicada do Conselho Nacional de Pesquisas,
1961.
|
| Series: | Notas de matemática (Rio de Janeiro, Brasil) ;
27 |
| Etiquetas: |
Agregar Etiqueta
Sin Etiquetas, Sea el primero en etiquetar este registro!
|
| LEADER | 00668nam a22001695a 4500 | ||
|---|---|---|---|
| 001 | MAT.inmabb001052 | ||
| 008 | 031120s1961####bl############000#0#eng#d | ||
| 005 | 20130315122848.0 | ||
| 245 | 1 | 0 | |a Lectures on linear partial differential equations with constant coefficients / |c by J. F. Treves. |
| 260 | |a Rio de Janeiro : |b Instituto de Matemática Pura e Aplicada do Conselho Nacional de Pesquisas, |c 1961. | ||
| 300 | |a xiv, 317 p. ; |c 27 cm. | ||
| 490 | 1 | |a Notas de matemática ; |v 27 | |
| 510 | 4 | |a MR, |c 27 #5020 | |
| 100 | 1 | |a Treves, François, |d 1930- | |
| 830 | 0 | |a Notas de matemática (Rio de Janeiro, Brasil) ; |v 27 | |
| 084 | |a 35Exx |2 msc2000 | ||
| 859 | |h 35 |i T812 |p A-974 |b BIB. MATEMATICA | ||
